000
00334 a2200157 4500
001
57300
020
_a
8502042262
040
_c
Anchieta - Pituba
100
_a
Perlman, Alina
240
1
0
_a
O jeitão da turma
_l
por
245
1
0
_a
O jeitão da turma
300
_a
61
362
0
_a
2003
650
4
_a
Literatura juvenil
942
_c
BK
999
_c
57300
_d
57300